Денежное обращение и кредит СССР: учебное пособие для экономических вузов и факультетов по специальности "Бухгалтерский учет"

Bibliografiske detaljer
Andre forfattere: Кравцова Г. И. Галина Ивановна (редактор)
Summary:Авт. указаны на обороте тит. л.
Sprog:russisk
Udgivet: Минск, Вышэйшая школа, 1983
Fag:
Format: MixedMaterials Bog
KOHA link:https://koha.lib.tpu.ru/cgi-bin/koha/opac-detail.pl?biblionumber=304305

MARC

LEADER 00000nam0a2200000 4500
001 304305
005 20231102001704.0
020 |a RU  |b 83-37895 
035 |a (RuTPU)RU\TPU\book\329540 
090 |a 304305 
100 |a 20150912d1983 m y0rusy5003 ca 
101 0 |a rus 
102 |a BY 
105 |a y z 001zy 
200 1 |a Денежное обращение и кредит СССР  |e учебное пособие для экономических вузов и факультетов по специальности "Бухгалтерский учет"  |f под ред. Г. И. Кравцовой 
210 |a Минск  |c Вышэйшая школа  |d 1983 
215 |a 287 с.  |d 21 см 
300 |a Авт. указаны на обороте тит. л. 
320 |a Библиогр.: с. 282-284 
606 1 |a Финансы  |x Управление  |y Россия  |y СССР  |2 stltpush  |3 (RuTPU)RU\TPU\subj\37222  |9 58324 
610 1 |a деньги 
610 1 |a денежное обращение 
610 1 |a кредит 
610 1 |a СССР 
610 1 |a учебные пособия 
686 |a У9(2)26я73  |2 rubbk 
702 1 |a Кравцова  |b Г. И.  |g Галина Ивановна  |4 340 
801 0 |a RU  |b RuMRKP  |c 19950704  |g psbo 
801 1 |a RU  |b 63413507  |c 20150912 
801 2 |a RU  |b 63413507  |c 20170921  |g RCR 
942 |c BK